| 000 | 00345nam a2200157Ia 4500 | ||
|---|---|---|---|
| 100 | _aFrain/Ben | ||
| 650 | _aweb design | ||
| 942 | _cBK | ||
| 366 | _f25 | ||
| 654 | _aweb design | ||
| 245 | _aResponsive Web Design with HTML 5 and CSS 3 | ||
| 260 |
_bPACKT _c2012 |
||
| 082 |
_a4.65 _bFRA |
||
| 300 | _a305 | ||
| 546 |
_aENGLISH _celectronics |
||
| 999 |
_c20893 _d20893 |
||